Mendidik anak pintar cerdas / (Record no. 543)

000 -LEADER
fixed length control field nam a22 a 4500
003 - CONTROL NUMBER IDENTIFIER
control field AKMAL
005 - DATE AND TIME OF LATEST TRANSACTION
control field 20170504105952.0
008 - FIXED-LENGTH DATA ELEMENTS--GENERAL INFORMATION
fixed length control field 170504s1996 my e 000 0 may d
020 ## - INTERNATIONAL STANDARD BOOK NUMBER
International Standard Book Number 9676106879 (kkt.):
Terms of availability RM 14.00
040 ## - CATALOGING SOURCE
Original cataloging agency AKMAL
082 04 - DEWEY DECIMAL CLASSIFICATION NUMBER
Classification number 153.9 HAS
Edition number 22
090 00 - LOCALLY ASSIGNED LC-TYPE CALL NUMBER (OCLC); LOCAL CALL NUMBER (RLIN)
Classification number (OCLC) (R) ; Classification number, CALL (RLIN) (NR) 153.9
Local cutter number (OCLC) ; Book number/undivided call number, CALL (RLIN) HAS
100 0# - MAIN ENTRY--PERSONAL NAME
Personal name Hasan Hj. Mohd. Ali,
Titles and words associated with a name Dato',
Dates associated with a name 1947-
9 (RLIN) 1200
245 10 - TITLE STATEMENT
Title Mendidik anak pintar cerdas /
Statement of responsibility, etc. Dr. Hasan Hj. Mohd Ali
260 ## - PUBLICATION, DISTRIBUTION, ETC.
Place of publication, distribution, etc. Kuala Lumpur :
Name of publisher, distributor, etc. Utusan Publications & Distributors,
Date of publication, distribution, etc. 1996
300 ## - PHYSICAL DESCRIPTION
Extent xv, 241ms. ;
Dimensions 21cm.
490 1# - SERIES STATEMENT
Series statement Siri keluarga mithali Utusan-Akrab
650 ## - SUBJECT ADDED ENTRY--TOPICAL TERM
Topical term or geographic name entry element Children
General subdivision Intelligence levels
9 (RLIN) 1201
650 10 - SUBJECT ADDED ENTRY--TOPICAL TERM
Topical term or geographic name entry element Gifted children
General subdivision Education
9 (RLIN) 1202
650 20 - SUBJECT ADDED ENTRY--TOPICAL TERM
Topical term or geographic name entry element Brain stimulation
9 (RLIN) 1203
650 20 - SUBJECT ADDED ENTRY--TOPICAL TERM
Topical term or geographic name entry element Marriage
9 (RLIN) 1204
650 20 - SUBJECT ADDED ENTRY--TOPICAL TERM
Topical term or geographic name entry element Interlect
9 (RLIN) 1205
830 #0 - SERIES ADDED ENTRY--UNIFORM TITLE
Uniform title Siri keluarga mithali Utusan-Akrab
9 (RLIN) 1206
942 ## - ADDED ENTRY ELEMENTS (KOHA)
Source of classification or shelving scheme
Koha item type Book
Holdings
Withdrawn status Lost status Source of classification or shelving scheme Damaged status Not for loan Collection code Home library Current library Shelving location Date acquired Inventory number Total Checkouts Full call number Barcode Date last seen Price effective from Koha item type
          NON-FICTION AKMAL Melaka AKMAL Melaka PINJAMAN 04.05.2017 00271   153.9 HAS 201701420 04.05.2017 04.05.2017 Book
Pusat Sumber Maklumat Dato' Haji Sarmin Md Hussin, Akademi Kastam Diraja Malaysia, Melaka
Tel: 06-2331106 | Faks: 06-2313787